000 00785nam a22002057a 4500
999 _c25576
_d25576
005 20190307161515.0
010 _aB-284389, B-212764, B-212774
020 _a9780330482516
_c275.00
020 _a0330482513
_c275.00
035 _aB-284389, B-212758, B-212764,B-212774,B-212770
037 _bSuper Book
082 _aN
100 _aMistry, Cyrus
245 _aThe radiance of ashes/
_cby Cyrus Mistry
260 _aLondon
_bPicador
_c2005
270 _aPan Macmillan, 20 New Wharf Road
_bLondon
_eN I 9RR
_mwww.panmacmillan.com
300 _a465p.
_b20cm.(pbk)
942 _2ddc
_cEN
_mMIS
_hN